000 01208nam a2200313 a 4500
001 000022540
003 DO-SdBPM
005 20250915111416.0
007 ta
008 101013s1998 dr 000 0 spa d
040 _aDO-SdBPM
_bspa
_cBPMSU
_drda
049 _a
082 4 _a972.9304
_bL965h 1998
_222
100 1 _aLuperón, Gregorio
_d1839-1897
_eautor
245 1 0 _aHombres de la restauración /
_cGregorio Luperón.
250 _a3a ed.
264 _aSanto Domingo :
_bEdiciones Librería La Trinitaria,
_c1998.
300 _a113 páginas ;
_c21 cm.
336 _atexto
_btxt
_2rdacontent
337 _asin mediación
_bn
_2rdamedia
338 _avolumen
_bnc
_2rdacarrier
490 0 _aCuadernos patrióticos,
_v3
505 0 _aPresentación, Juan Ventura -- Introducción -- Benigno F. de Rojas -- Ulises F. Espaillat -- Pablo Pujol -- Julián Belisario Curiel -- Pedro Francisco Bonó -- Máximo Grullón -- Alfredo Deetjen -- Epígolo -- Biografía, Rufino Martínez
590 _aInventariado, 2025/VM
650 7 _2Libertadores
_vBiografías
651 4 _aRepública Dominicana -
_xHistoria
_vRestauración, 1863-1865
910 _aVMateo V. Control de calidad. BPMSU
942 _2ddc
_cBK
999 _c15392
_d15392